[Event "Moscow Open A 2015"]
[Site "Moscow RUS"]
[Date "2015.02.06"]
[Round "7.90"]
[White "Baterdene, Tsogbayar"]
[Black "Kotlyar, Kirill"]
[Result "0-1"]
[BlackTitle "FM"]
[WhiteElo "1977"]
[BlackElo "2320"]
[WhiteFideId "4901592"]
[BlackFideId "24145599"]
[EventDate "2015.01.31"]

1. e4 e5 2. Nf3 Nc6 3. Bb5 Nf6 4. d3 Ne7 5. O-O Ng6 6. Nc3 c6 7. Ba4 Bb4 8. Ne2
O-O 9. c3 Ba5 10. d4 d6 11. Bc2 Bb6 12. h3 h6 13. Kh1 Nh5 14. Nh2 Qf6 15. Be3
Nhf4 16. Ng3 Be6 17. Nf5 Bc4 18. Re1 Bc7 19. b3 Be6 20. Qg4 d5 21. dxe5 Bxe5 22.
Bd4 Bxd4 23. cxd4 dxe4 24. Bxe4 h5 25. Qf3 Bxf5 26. Bxf5 Qxf5 27. g3 Rad8 28.
Re4 Qxh3 29. gxf4 Qxf3+ 30. Nxf3 Rfe8 31. Rae1 Rxe4 32. Rxe4 Kf8 33. Ng5 Ne7 34.
Kg2 Nf5 35. Nf3 f6 36. a3 Re8 37. Rxe8+ Kxe8 38. Kf1 Ke7 39. Ke2 Kd6 40. Kd3 Kd5
41. b4 b5 42. Kc3 Ke4 43. Nd2+ Kxf4 44. a4 bxa4 0-1

[Event "Moscow Open A 2015"]
[Site "Moscow RUS"]
[Date "2015.02.06"]
[Round "7.91"]
[White "Manakova, Maria"]
[Black "Payanidi, Janis"]
[Result "1-0"]
[WhiteTitle "WGM"]
[WhiteElo "2318"]
[BlackElo "2167"]
[WhiteFideId "927007"]
[BlackFideId "24128490"]
[EventDate "2015.01.31"]

1. e4 c5 2. Nf3 d6 3. d4 cxd4 4. Nxd4 Nf6 5. Nc3 a6 6. Be2 e5 7. Nb3 Be7 8. O-O
O-O 9. Be3 Be6 10. Nd5 Nbd7 11. Qd3 Bxd5 12. exd5 Rc8 13. c4 a5 14. Rfd1 b6 15.
Nd2 Nc5 16. Qf5 Nfd7 17. b3 g6 18. Qh3 f5 19. Bh6 Re8 20. a3 Nf6 21. b4 Nce4 22.
Nxe4 Nxe4 23. Bc1 Bh4 24. Rf1 Bg5 25. Rb1 a4 26. Rb2 b5 27. Rc2 bxc4 28. Bxc4
Re7 29. Bxg5 Nxg5 30. Qd3 e4 31. Qd4 e3 32. f3 Rec7 33. Re1 f4 34. Qxf4 Rf7 35.
Qxe3 Rf5 36. f4 Nf7 37. Bd3 Rxd5 38. Rxc8 Qxc8 39. Qe8+ Qxe8 40. Rxe8+ Kg7 41.
Re3 Rd4 42. Bc2 Rxf4 43. Bxa4 Ne5 44. Bb3 Ng4 45. Re2 Rd4 46. h3 Ne5 47. b5 Rd3
48. Rb2 Nd7 49. a4 Nc5 50. b6 Rd4 51. Bc2 Rd2 52. b7 Nd7 53. a5 Nb8 54. Ra2 Na6
55. Bb3 Rd4 56. Ra4 1-0

[Event "Moscow Open A 2015"]
[Site "Moscow RUS"]
[Date "2015.02.06"]
[Round "7.92"]
[White "Rozhkov, Viacheslav"]
[Black "Selivanov, Ivan"]
[Result "1-0"]
[WhiteTitle "FM"]
[WhiteElo "2314"]
[BlackElo "2149"]
[WhiteFideId "4181484"]
[BlackFideId "24199060"]
[EventDate "2015.01.31"]

1. e4 c5 2. Nf3 a6 3. c4 e6 4. Nc3 Qc7 5. g3 d6 6. Bg2 Nf6 7. b3 Nbd7 8. O-O b6
9. d4 cxd4 10. Nxd4 Bb7 11. Bb2 Be7 12. f4 O-O 13. g4 Nc5 14. Qe2 Rfd8 15. g5
Ne8 16. Bh3 e5 17. Nf5 exf4 18. Nd5 Bxd5 19. exd5 Bxg5 20. Qg4 h6 21. Rae1 g6
22. Rxf4 Nd3 23. Ne7+ Qxe7 24. Rxe7 Nxf4 25. Rb7 Nxh3+ 26. Qxh3 Ng7 27. Qc3 f6
28. Bc1 Bh4 29. Qe3 f5 30. Qxh6 Bf6 31. Qxg6 Bd4+ 32. Kf1 Rab8 33. Rxb8 Rxb8 34.
Qxd6 Re8 35. Bh6 1-0

[Event "Moscow Open A 2015"]
[Site "Moscow RUS"]
[Date "2015.02.06"]
[Round "7.93"]
[White "Rjabzev, Konstantin"]
[Black "Galaktionov, Artem"]
[Result "1-0"]
[WhiteTitle "IM"]
[WhiteElo "2312"]
[BlackElo "2081"]
[WhiteFideId "4150015"]
[BlackFideId "24175471"]
[EventDate "2015.01.31"]

1. e4 e6 2. d4 d5 3. Nd2 c5 4. exd5 Qxd5 5. dxc5 Nf6 6. Ngf3 Qxc5 7. Bd3 Be7 8.
O-O O-O 9. a3 Qc7 10. b4 a5 11. bxa5 Nc6 12. Bb2 Rxa5 13. Re1 b6 14. Nc4 Rh5 15.
Rb1 Bc5 16. Nce5 Nxe5 17. Rxe5 Bxf2+ 18. Kh1 Rh6 19. Rg5 Be3 20. Be5 Qe7 21. Rg3
Nh5 22. Rh3 Nf6 23. Rxh6 Bxh6 24. Bd6 Qd8 25. Bxf8 Kxf8 26. Qe1 Nd5 27. Be4 Ne7
28. Rd1 Qc7 29. Qg3 Nd5 30. Qxc7 Nxc7 31. Rd8+ 1-0

[Event "Moscow Open A 2015"]
[Site "Moscow RUS"]
[Date "2015.02.06"]
[Round "7.94"]
[White "Semiev, Suhrab"]
[Black "Mezentsev, Ivan"]
[Result "1-0"]
[WhiteTitle "IM"]
[WhiteElo "2310"]
[BlackElo "2078"]
[WhiteFideId "14000865"]
[BlackFideId "13706195"]
[EventDate "2015.01.31"]

1. d4 Nf6 2. g3 e6 3. Bg2 c5 4. Nf3 Nc6 5. O-O Be7 6. c4 d5 7. Nc3 O-O 8. cxd5
exd5 9. Be3 c4 10. Ne5 Be6 11. f4 Bf5 12. h3 Bb4 13. g4 Bxc3 14. bxc3 Be4 15.
Bf3 Bxf3 16. exf3 Nd7 17. Bf2 f6 18. Nxc6 bxc6 19. f5 Re8 20. Qa4 Qc7 21. Rfe1
Nf8 22. Kg2 Qd7 23. Qa6 Rab8 24. Rxe8 Rxe8 25. Rb1 Re2 26. Qa3 Qe8 27. Kg1 Rc2
28. Re1 Qb8 29. Qc5 Rxa2 30. Qxc6 Qb2 31. Qxd5+ Kh8 32. Rf1 Qxc3 33. Qf7 Qa3 34.
Re1 Ra1 35. Rxa1 Qxa1+ 36. Kg2 Qa3 37. Qxc4 h5 38. Qc5 1-0

[Event "Moscow Open A 2015"]
[Site "Moscow RUS"]
[Date "2015.02.06"]
[Round "7.95"]
[White "Mamyrbay, Assad"]
[Black "Sadykov, Ramil"]
[Result "0-1"]
[BlackTitle "FM"]
[WhiteElo "2152"]
[BlackElo "2403"]
[WhiteFideId "13708880"]
[BlackFideId "24113590"]
[EventDate "2015.01.31"]

1. e4 c5 2. Nf3 Nc6 3. Bb5 g6 4. Bxc6 bxc6 5. d4 cxd4 6. Qxd4 f6 7. O-O d6 8.
Qc4 Bd7 9. Nd4 Qc8 10. f4 Nh6 11. Qe2 Nf7 12. Nf3 Bg7 13. c4 O-O 14. Nc3 a5 15.
Na4 Qa6 16. b3 c5 17. Nc3 Bc6 18. e5 fxe5 19. fxe5 Nxe5 20. Nxe5 Rxf1+ 21. Qxf1
Bxe5 22. Bb2 Rf8 23. Qe2 Bd4+ 24. Kh1 Rf2 25. Qe6+ Kh8 26. Ne4 Bxb2 27. Rd1 Bxe4
28. Qxe4 Qc8 29. Re1 Be5 0-1

[Event "Moscow Open A 2015"]
[Site "Moscow RUS"]
[Date "2015.02.06"]
[Round "7.96"]
[White "Mu, Ke"]
[Black "Maksimov, Dmitri"]
[Result "1-0"]
[WhiteElo "2401"]
[BlackElo "2204"]
[WhiteFideId "8602778"]
[BlackFideId "24162477"]
[EventDate "2015.01.31"]

1. c4 e5 2. g3 Nc6 3. Bg2 g6 4. Nc3 Bg7 5. Nf3 f5 6. d3 Nf6 7. Bg5 h6 8. Bxf6
Bxf6 9. Nd5 O-O 10. Nd2 a5 11. O-O Nd4 12. e3 Ne6 13. a3 a4 14. Qc2 c6 15. Nxf6+
Qxf6 16. Rad1 d6 17. Qc3 Bd7 18. Qb4 Qe7 19. Rfe1 Nc5 20. Qc3 e4 21. d4 Nd3 22.
Rf1 d5 23. f4 b5 24. c5 g5 25. Ra1 Kh7 26. Bf3 Rfb8 27. Be2 gxf4 28. exf4 b4 29.
axb4 Nxb4 30. Ra3 Qg7 31. Kh1 Qe7 32. Rfa1 Nd3 33. b3 Nf2+ 34. Kg2 e3 35. Nf3
Ne4 36. Qxe3 axb3 37. Rxa8 b2 38. Rb1 Rxa8 39. Rxb2 Be8 40. Ne5 Qa7 41. Qb3 Qa1
42. Qb6 Kh8 43. Qb7 Kg8 44. Nxc6 Bxc6 45. Qxc6 Qxb2 46. Qxa8+ Kg7 47. Qa7+ Kf8
48. Qa6 Nc3 49. Qxh6+ Kg8 50. Qg6+ Kh8 51. Qe8+ Kg7 52. Kf3 1-0

[Event "Moscow Open A 2015"]
[Site "Moscow RUS"]
[Date "2015.02.06"]
[Round "7.97"]
[White "Zenin, Dmitri"]
[Black "Amangeldiyev, Gurbangeldi, "]
[Result "0-1"]
[WhiteElo "2381"]
[BlackElo "2153"]
[WhiteFideId "4127897"]
[BlackFideId "14002302"]
[EventDate "2015.01.31"]

1. d4 d5 2. c4 e6 3. Nc3 Nf6 4. Bg5 Be7 5. e3 O-O 6. Nf3 b6 7. Bd3 Bb7 8. O-O
Nbd7 9. Qe2 Ne4 10. Bxe7 Qxe7 11. cxd5 exd5 12. Ba6 Nxc3 13. bxc3 Bxa6 14. Qxa6
c5 15. a4 Rfb8 16. Rfb1 Qe6 17. h3 h6 18. Rb2 Qc6 19. Qb5 Qe6 20. Rab1 c4 21.
Qa6 Qc6 22. Nd2 f5 23. Ra1 Nf6 24. a5 Ne8 25. Qb5 Qxb5 26. Rxb5 Nc7 27. Rbb1 b5
28. f3 Re8 29. Re1 Re6 30. Kf2 Rae8 31. g4 g6 32. gxf5 gxf5 33. Nf1 Rf8 34. Ng3
Ra6 35. Nh5 Kf7 36. Nf4 Rb8 37. Reb1 Rd6 38. Rb2 Ra6 39. h4 Rg8 40. Rba2 Rd6 41.
Rb2 a6 42. Rg1 Rxg1 43. Kxg1 Ne6 44. Nxe6 Rxe6 45. Kf2 Re8 46. Re2 Kf6 47. Re1
Re7 48. Re2 Ke6 49. e4 fxe4 50. fxe4 Rf7+ 51. Ke3 Rf1 52. Rg2 dxe4 53. Rg6+ Kf5
54. Rxa6 Rf3+ 55. Kd2 Rf2+ 56. Ke1 e3 0-1

[Event "Moscow Open A 2015"]
[Site "Moscow RUS"]
[Date "2015.02.06"]
[Round "7.98"]
[White "Elistratov, Semen"]
[Black "Bazeev, German"]
[Result "1/2-1/2"]
[WhiteElo "2206"]
[BlackElo "2374"]
[WhiteFideId "24134325"]
[BlackFideId "24119350"]
[EventDate "2015.01.31"]

1. e4 c5 2. Nf3 d6 3. d4 cxd4 4. Nxd4 Nf6 5. Nc3 Nc6 6. Bg5 e6 7. Qd2 a6 8.
O-O-O h6 9. Nxc6 bxc6 10. Bf4 d5 11. Qe3 Be7 12. Be2 Nd7 13. Qg3 Bg5 14. Bxg5
Qxg5+ 15. Qxg5 hxg5 16. Na4 Rb8 17. a3 Ke7 18. f3 Bb7 19. b4 a5 20. Nc5 Nxc5 21.
bxc5 e5 22. c3 f5 23. Kc2 g4 24. Rb1 Ba8 25. Rxb8 Rxb8 26. exf5 gxf3 27. Bxf3
Rf8 28. Rb1 Rxf5 29. Rb8 Rf8 30. Rxf8 Kxf8 31. Kd2 Bb7 32. Be2 Bc8 33. Ke3 Kf7
34. g3 g5 35. Bf1 Bd7 36. Be2 Bc8 37. Bf1 Bd7 38. Be2 Bc8 39. Bf1 1/2-1/2

[Event "Moscow Open A 2015"]
[Site "Moscow RUS"]
[Date "2015.02.06"]
[Round "7.99"]
[White "Dzhaumutbaev, Erzhan"]
[Black "Rozhko, Dmitry"]
[Result "1/2-1/2"]
[BlackTitle "FM"]
[WhiteElo "2190"]
[BlackElo "2354"]
[WhiteFideId "4191110"]
[BlackFideId "4150430"]
[EventDate "2015.01.31"]

1. d4 d5 2. c4 c6 3. Nc3 Nf6 4. e3 g6 5. Nf3 Bg7 6. h3 O-O 7. Bd3 c5 8. O-O cxd4
9. exd4 Nc6 10. c5 Ne4 11. Bb5 Nxc3 12. bxc3 Na5 13. Re1 a6 14. Bd3 Qc7 15. Qe2
Re8 16. Ne5 Nc6 17. f4 Nxe5 18. fxe5 b6 19. Ba3 Be6 20. Rab1 b5 21. Bb4 f6 22.
exf6 exf6 23. Qf3 Bf7 24. a4 bxa4 25. Rxe8+ Rxe8 26. Bxa6 Qc6 27. Bd3 Rb8 28.
Ra1 f5 29. Qf4 Ra8 30. Ba3 Bf6 31. Rb1 Bd8 32. Bb5 Qe6 33. Kf2 g5 34. Qe3 Qh6
35. Bd7 f4 36. Qe5 Bf6 37. Rb8+ Kg7 38. Qc7 Qh4+ 39. Kf1 Rxb8 40. Qxb8 Qg3 41.
c6 Qd3+ 42. Kg1 Qe3+ 43. Kf1 Qd3+ 44. Kg1 Qe3+ 45. Kf1 1/2-1/2

[Event "Moscow Open A 2015"]
[Site "Moscow RUS"]
[Date "2015.02.06"]
[Round "7.100"]
[White "Terekhov, Konstantin"]
[Black "Tenikashvili, Georgij"]
[Result "0-1"]
[BlackTitle "FM"]
[WhiteElo "2178"]
[BlackElo "2348"]
[WhiteFideId "4115856"]
[BlackFideId "4134605"]
[EventDate "2015.01.31"]

1. e4 c6 2. d4 d5 3. e5 c5 4. dxc5 Nc6 5. Nf3 Bg4 6. c3 e6 7. Be3 Nge7 8. Be2
Bxf3 9. gxf3 Nf5 10. Bd4 f6 11. f4 fxe5 12. Bxe5 Bxc5 13. Bh5+ Kf8 14. Qe2 Qh4
15. Bf3 Nxe5 16. fxe5 Ne3 17. Na3 Ke7 18. Qb5 b6 19. Qc6 Rad8 20. Ke2 Nc4 21.
Raf1 Nxa3 22. b3 Qf4 23. Rhg1 g6 24. Bg4 Qe4+ 25. Kd2 Qc2+ 26. Ke1 Qxc3+ 27. Kd1
Qd3+ 0-1

[Event "Moscow Open A 2015"]
[Site "Moscow RUS"]
[Date "2015.02.06"]
[Round "7.101"]
[White "Velichko, Arseny"]
[Black "Yanchenko, Roman"]
[Result "1-0"]
[BlackTitle "FM"]
[WhiteElo "2118"]
[BlackElo "2345"]
[WhiteFideId "24179752"]
[BlackFideId "4137329"]
[EventDate "2015.01.31"]

1. d4 Nf6 2. c4 e6 3. Nf3 b6 4. g3 Bb7 5. Bg2 Be7 6. O-O O-O 7. d5 exd5 8. Nh4
c6 9. cxd5 Nxd5 10. Nf5 Nf6 11. e4 d5 12. Nc3 Nbd7 13. Re1 d4 14. Nxe7+ Qxe7 15.
Qxd4 Ne5 16. Bf4 Nfd7 17. Rad1 Rfd8 18. Qd6 Qxd6 19. Rxd6 Nc4 20. Rd4 Nxb2 21.
Bc7 c5 22. Rd2 Nc4 23. Rdd1 Kf8 24. Bxd8 Rxd8 25. e5 Bxg2 26. Kxg2 Nb2 27. Rd5
Ke7 28. f4 Nb8 29. f5 Nc6 30. e6 f6 31. Rxd8 Kxd8 32. Nd5 Ke8 33. g4 Nd3 34. Re4
Nde5 35. h4 c4 36. g5 Kf8 37. gxf6 gxf6 38. Nxf6 Nd3 39. Rxc4 Ne7 40. Nd7+ Ke8
41. f6 b5 42. f7+ 1-0

[Event "Moscow Open A 2015"]
[Site "Moscow RUS"]
[Date "2015.02.06"]
[Round "7.102"]
[White "Schekachikhin, Maksim"]
[Black "Derakhshani, Borna"]
[Result "1-0"]
[WhiteTitle "FM"]
[BlackTitle "CM"]
[WhiteElo "2306"]
[BlackElo "2081"]
[WhiteFideId "24177830"]
[BlackFideId "12518450"]
[EventDate "2015.01.31"]

1. e4 e5 2. Nf3 Nc6 3. Bb5 a6 4. Bxc6 dxc6 5. O-O Bg4 6. h3 Bh5 7. d3 Bd6 8.
Nbd2 Nf6 9. Nc4 Qe7 10. a4 h6 11. Re1 Qe6 12. c3 g5 13. Ne3 g4 14. Nf5 Rg8 15.
hxg4 Nxg4 16. b4 Be7 17. Qe2 Qg6 18. Nxe7 Kxe7 19. Nh4 Qh7 20. f3 Nf6 21. d4
exd4 22. cxd4 Rae8 23. b5 Kd7 24. bxc6+ bxc6 25. Qf2 Re6 26. Bf4 Rb8 27. Rac1
Rb7 28. Qf1 Qg8 29. Rc5 Bg6 30. Qxa6 Qb8 31. Nxg6 fxg6 32. Rec1 Rb6 33. Qa5 Ne8
34. d5 cxd5 35. Rxd5+ Ke7 36. Qc5+ Kf7 37. Rd7+ Kg8 38. Bxh6 1-0

[Event "Moscow Open A 2015"]
[Site "Moscow RUS"]
[Date "2015.02.06"]
[Round "7.103"]
[White "Goltsev, Dmitry"]
[Black "Ofitserian, Boris"]
[Result "1-0"]
[BlackTitle "FM"]
[WhiteElo "2111"]
[BlackElo "2283"]
[WhiteFideId "24176710"]
[BlackFideId "24199443"]
[EventDate "2015.01.31"]

1. e4 c5 2. Nf3 d6 3. d4 cxd4 4. Nxd4 Nf6 5. Nc3 a6 6. Be3 e5 7. Nb3 Be7 8. f3
Be6 9. Qd2 O-O 10. O-O-O Nbd7 11. g4 b5 12. g5 Nh5 13. h4 Nb6 14. Na5 Qc7 15.
Bxb6 Qxb6 16. Nd5 Bxd5 17. exd5 f5 18. gxf6 Bxf6 19. Bd3 Nf4 20. Be4 Rf7 21. Kb1
Rc7 22. Qb4 Rc5 23. Rdg1 Kh8 24. Rd1 Bd8 25. Nc6 a5 26. Qe1 Bf6 27. c3 a4 28. a3
Rc4 29. h5 Qc7 30. Qg1 Rc5 31. Qg4 Qc8 32. Bf5 Qg8 33. Nb4 Rc4 34. Be6 Qf8 35.
Qf5 Ng2 36. Rdg1 Nh4 37. Qd3 Rf4 38. Rg4 Rxg4 39. fxg4 Rb8 40. Nc6 Rb7 41. Rf1
Ng2 42. g5 Nf4 43. Rxf4 exf4 44. gxf6 Qxf6 45. Qf3 g5 46. hxg6 hxg6 47. Nd4 Rh7
48. Nxb5 Qe5 49. Ka2 g5 50. Qd3 Kg7 51. Nd4 Rh1 52. Qb5 Qe1 53. Qd7+ Kh6 54.
Nf5+ Kh5 55. Ng3+ Kh4 56. Nxh1 Qe4 57. Qc8 1-0

[Event "Moscow Open A 2015"]
[Site "Moscow RUS"]
[Date "2015.02.06"]
[Round "7.104"]
[White "Dovletov, Hajugurban"]
[Black "Shapiro, David"]
[Result "1/2-1/2"]
[BlackTitle "FM"]
[WhiteElo "2097"]
[BlackElo "2252"]
[WhiteFideId "14003600"]
[BlackFideId "24133523"]
[EventDate "2015.01.31"]

1. d4 d5 2. c4 Nc6 3. Nf3 Bg4 4. Nc3 e6 5. cxd5 exd5 6. Bf4 Nf6 7. Ne5 Bd6 8. h3
Be6 9. e3 O-O 10. Bd3 Bxe5 11. dxe5 Nd7 12. Bg3 Ndxe5 13. Bxe5 Nxe5 14. Bxh7+
Kxh7 15. Qh5+ Kg8 16. Qxe5 Qf6 17. Qxf6 gxf6 18. Rd1 Rfd8 19. f4 f5 20. Kf2 c6
21. Ne2 Kg7 22. Nd4 Kf6 23. g4 c5 24. g5+ Kg6 25. Nf3 b5 26. Ne5+ Kh5 27. Rhg1
Rac8 28. Rg4 f6 29. gxf6 Rg8 30. Rxg8 Rxg8 31. Rg1 Rf8 32. f7 Bxf7 33. Rg5+ Kh6
34. Rxf5 Kg7 35. Nxf7 Rxf7 36. Rxf7+ Kxf7 37. e4 d4 38. Ke2 c4 39. b3 a5 40.
bxc4 b4 41. Kd3 a4 42. c5 a3 43. c6 Ke7 44. f5 b3 45. f6+ Kxf6 46. c7 bxa2 47.
c8=Q a1=Q 1/2-1/2

[Event "Moscow Open A 2015"]
[Site "Moscow RUS"]
[Date "2015.02.06"]
[Round "7.105"]
[White "Aliyev, Ravan"]
[Black "Kovalev, Egor"]
[Result "1-0"]
[WhiteElo "2070"]
[BlackElo "2249"]
[WhiteFideId "13409980"]
[BlackFideId "24124117"]
[EventDate "2015.01.31"]

1. d4 d6 2. Nc3 g6 3. e4 Bg7 4. Be3 Nf6 5. h3 O-O 6. Qd2 c6 7. g4 b5 8. Bg2 e5
9. O-O-O Qa5 10. dxe5 dxe5 11. a3 Be6 12. Nf3 b4 13. Nb1 Na6 14. Ng5 Ba2 15. Qe2
Bxb1 16. Kxb1 bxa3 17. Bd2 Qb6 18. b3 Nb4 19. Qc4 a5 20. Be3 Qb5 21. Bf1 h6 22.
c3 hxg5 23. cxb4 axb4 24. f3 Rfd8 25. Be2 Qxc4 26. Bxc4 Ne8 27. Bb6 Rdb8 28. Be3
Bf8 29. Bxg5 Nd6 30. Be2 Nb5 31. Bxb5 Rxb5 32. Ka2 Rc8 33. Rc1 Bc5 34. Bf6 Bd4
35. h4 c5 36. h5 Rc6 37. g5 Rbb6 38. hxg6 fxg6 39. Rh8+ Kf7 40. Rch1 1-0

[Event "Moscow Open A 2015"]
[Site "Moscow RUS"]
[Date "2015.02.06"]
[Round "7.106"]
[White "Mischeryakov, Alexey"]
[Black "Tarasov, Oleg"]
[Result "0-1"]
[WhiteElo "1911"]
[BlackElo "2247"]
[WhiteFideId "34156434"]
[BlackFideId "4162870"]
[EventDate "2015.01.31"]

1. e4 c5 2. Nf3 d6 3. d4 cxd4 4. Nxd4 Nf6 5. Nc3 a6 6. Be2 e5 7. Nb3 Be7 8. O-O
Be6 9. Be3 Nbd7 10. f4 Qc7 11. Nd2 exf4 12. Rxf4 Ne5 13. Rf1 O-O 14. Kh1 b5 15.
a3 Rfe8 16. Nf3 Qb7 17. Nxe5 dxe5 18. Bd3 Red8 19. Qe1 Nd7 20. Qg3 Nc5 21. Be2
Nxe4 22. Nxe4 Qxe4 23. Bd3 Qh4 24. Qxh4 Bxh4 25. a4 Bc4 26. Bxc4 bxc4 27. g3 Be7
28. Rad1 Rab8 29. Rxd8+ Rxd8 30. Rf2 Rd1+ 31. Kg2 Rb1 32. c3 Ra1 33. Rd2 Rxa4
34. Bc5 0-1

[Event "Moscow Open A 2015"]
[Site "Moscow RUS"]
[Date "2015.02.06"]
[Round "7.107"]
[White "Tleptsok, Ruslan"]
[Black "Kruzhilin, Aleksey"]
[Result "0-1"]
[WhiteElo "2226"]
[BlackElo "2141"]
[WhiteFideId "24104485"]
[BlackFideId "24177547"]
[EventDate "2015.01.31"]

1. e4 e5 2. Nf3 Nc6 3. d4 exd4 4. Bc4 Bc5 5. O-O d6 6. c3 dxc3 7. Qb3 Qf6 8.
Nxc3 Nge7 9. Nd5 Nxd5 10. exd5 Ne5 11. Nxe5 Qxe5 12. Qa4+ Bd7 13. Bb5 O-O-O 14.
Bc6 Qxd5 15. Bxd7+ Rxd7 16. b4 Bb6 17. Be3 Bxe3 18. fxe3 a6 19. Rab1 Qe4 20. Kh1
Re8 21. h3 Re5 22. Rb2 Qc4 23. Rfb1 Rxe3 24. Qd1 Rde7 25. Qg1 Qe4 26. Kh2 Qe5+
27. Kh1 Qg3 28. Rf2 Qg6 29. Rff1 Qe4 30. Kh2 Re2 31. a4 f5 32. b5 axb5 33. axb5
f4 34. Rb3 Qc2 35. Rbf3 g5 36. b6 c5 37. Kh1 Qd2 38. Kh2 Re1 39. R3f2 Qd1 40.
Rf3 R7e2 41. h4 h6 42. Kh3 Rxf1 43. Rxf1 Qd3+ 44. Rf3 Qf5+ 45. Kh2 Qg4 46. hxg5
Qxf3 0-1

[Event "Moscow Open A 2015"]
[Site "Moscow RUS"]
[Date "2015.02.06"]
[Round "7.108"]
[White "Tukubayev, K"]
[Black "Yeletsky, Ivan"]
[Result "0-1"]
[BlackTitle "FM"]
[WhiteElo "2157"]
[BlackElo "2315"]
[WhiteFideId "13708147"]
[BlackFideId "24180327"]
[EventDate "2015.01.31"]

1. d4 d5 2. Nf3 c6 3. c4 e6 4. Nc3 dxc4 5. a4 Bb4 6. e3 b5 7. Be2 Bb7 8. O-O a6
9. Ne5 Nd7 10. f4 Ngf6 11. Bf3 Nd5 12. Bd2 Be7 13. Be4 O-O 14. g4 c5 15. Bxd5
exd5 16. axb5 axb5 17. Rxa8 Bxa8 18. Nxb5 Nxe5 19. fxe5 Qb6 20. Qa4 Rb8 21. Ra1
Qe6 22. Qa7 Rxb5 23. Qxa8+ Bf8 24. h3 Rxb2 25. Bc1 Rc2 0-1

[Event "Moscow Open A 2015"]
[Site "Moscow RUS"]
[Date "2015.02.06"]
[Round "7.109"]
[White "Uraev, Ivan"]
[Black "Shandrygin, Nikita"]
[Result "1-0"]
[WhiteTitle "FM"]
[WhiteElo "2287"]
[BlackElo "2151"]
[WhiteFideId "4192443"]
[BlackFideId "24198668"]
[EventDate "2015.01.31"]

1. g3 Nf6 2. Bg2 g6 3. e4 d6 4. d4 Bg7 5. Ne2 O-O 6. h3 e5 7. Nbc3 Nc6 8. Be3
Nd7 9. O-O exd4 10. Nxd4 Nde5 11. Nde2 Nc4 12. Bc1 a5 13. b3 Nb6 14. Be3 Nd7 15.
Qd2 Re8 16. Rad1 Rb8 17. Nb5 Nf8 18. Nec3 Bd7 19. Nd5 Ne6 20. Nbxc7 Nxc7 21. Bb6
Rc8 22. Nxc7 Rxc7 23. Qxd6 Be5 24. Bxc7 Bxd6 25. Bxd8 Re6 26. Bb6 Be8 27. c3 h5
28. f4 h4 29. e5 Be7 1-0

[Event "Moscow Open A 2015"]
[Site "Moscow RUS"]
[Date "2015.02.06"]
[Round "7.111"]
[White "Romanov, Stanislav"]
[Black "Shapkin, Anatoliy"]
[Result "1/2-1/2"]
[WhiteElo "2107"]
[BlackElo "2236"]
[WhiteFideId "4116895"]
[BlackFideId "34108332"]
[EventDate "2015.01.31"]

1. e4 e5 2. Nf3 Nc6 3. Bc4 Bc5 4. c3 Nf6 5. d3 d6 6. h3 h6 7. Bb3 O-O 8. Nbd2
Be6 9. Bc2 d5 10. Qe2 d4 11. Nf1 Qd6 12. Ng3 Ne7 13. O-O Ng6 14. Nf5 Qd7 15. g4
Rfe8 16. Kh1 Bb6 17. Rg1 c5 18. Bd2 Bc7 19. g5 hxg5 20. Rxg5 Nh7 21. Rh5 Nf6 22.
Rg5 Nh7 23. Rh5 Bxf5 24. exf5 Nf4 25. Bxf4 exf4 26. Qf1 Nf6 27. Rg5 Nh7 28. Rh5
Nf6 29. Rg5 Nh7 30. Rh5 Nf6 31. Rg5 1/2-1/2

[Event "Moscow Open A 2015"]
[Site "Moscow RUS"]
[Date "2015.02.06"]
[Round "7.112"]
[White "Mukhitdinov, Akmalkhon"]
[Black "Shapfiullin, Ildar"]
[Result "1-0"]
[WhiteElo "2218"]
[BlackElo "2093"]
[WhiteFideId "24150851"]
[BlackFideId "4147146"]
[EventDate "2015.01.31"]

1. c4 e5 2. Nc3 Bb4 3. g3 Bxc3 4. bxc3 d6 5. Bg2 Nf6 6. Nf3 O-O 7. O-O Qe7 8. d3
h6 9. Rb1 Nc6 10. e4 Rb8 11. Nh4 Bg4 12. Qc2 Qd7 13. f4 Nh7 14. f5 f6 15. Ng6
Rfe8 16. Bf3 Bxf3 17. Rxf3 Ne7 18. Nxe7+ Rxe7 19. Be3 c5 20. g4 Kf7 21. h4 Ke8
22. Qg2 Kd8 23. g5 hxg5 24. hxg5 Kc7 25. g6 Nf8 26. Rh3 Qa4 27. Qb2 Nd7 28. Qb3
Qa5 29. Rh7 b6 30. Kf2 Qa6 31. a4 Rg8 32. Rbh1 Qc8 33. Qd1 Kc6 34. Qh5 Ree8 35.
Qd1 Kc7 36. R1h4 Kb8 37. Ke2 Qc6 38. Qb3 Ka8 39. Qb5 Qc8 40. a5 bxa5 41. Bh6 Re7
42. Qxa5 Nb6 43. Qa1 Rb7 44. Bd2 Qe8 45. Qa6 Nc8 46. Qa1 Nb6 47. Qa6 Nc8 48. Rh1
Rb6 49. Qa2 Rb7 50. Rb1 Nb6 51. Qa6 Qc6 52. Rb5 Qd7 53. Qa1 Kb8 54. Qh1 Qe8 55.
Qh5 Nd7 56. Rxb7+ Kxb7 57. Qh1 Kb8 58. Qb1+ Nb6 59. Qb5 Qc8 60. Be3 Qc7 61. Bh6
Kb7 62. Kf3 a6 63. Qb1 Qd7 64. Bxg7 Rxg7 65. Qh1 Qa4 66. Rxg7+ Kc6 67. Qb1 Qa3
68. Ra7 1-0

[Event "Moscow Open A 2015"]
[Site "Moscow RUS"]
[Date "2015.02.06"]
[Round "7.113"]
[White "Gurvich, Vitaly"]
[Black "Safonov, Nikita"]
[Result "1-0"]
[WhiteElo "2216"]
[BlackElo "2080"]
[WhiteFideId "24164852"]
[BlackFideId "24153281"]
[EventDate "2015.01.31"]

1. d4 Nf6 2. c4 g6 3. Nc3 Bg7 4. e4 d6 5. Nf3 O-O 6. Be2 e5 7. d5 a5 8. Bg5 h6
9. Bh4 Na6 10. Nd2 Qe8 11. O-O Nh7 12. a3 Bd7 13. Nb5 h5 14. f3 Bh6 15. Kh1 Be3
16. Qc2 f5 17. exf5 gxf5 18. Rae1 Bb6 19. f4 e4 20. Qd1 Nf6 21. Bxf6 Rxf6 22.
Bxh5 Qe7 23. g4 Nc5 24. gxf5 Bxf5 25. Bg4 Kf7 26. Bxf5 Rxf5 27. Qg4 Qf6 28. Nxe4
Nxe4 29. Rxe4 Rg8 30. Re7+ Qxe7 31. Qxf5+ Qf6 32. Qd7+ Qe7 33. Qxe7+ Kxe7 34. b4
c6 35. Nc3 Bd4 36. Ne2 Bb6 37. bxa5 Bxa5 38. Rb1 cxd5 39. Rxb7+ Ke6 40. Rb5 Be1
41. Rxd5 Ra8 42. Nd4+ Kd7 43. Nb5 Ra6 44. Kg2 Rc6 45. Rd4 Ba5 46. Kf3 Ke6 47.
Kg4 Bb6 48. f5+ Ke5 49. Rd5+ 1-0